Načítá se...
Quantum mechanics /
| Hlavní autor: | |
|---|---|
| Médium: | Printed Book |
| Jazyk: | English |
| Vydáno: |
Holt Rinehart & Winston,
1971.
|
| Témata: |
| LEADER | 00442nam a2200133Ia 4500 | ||
|---|---|---|---|
| 008 | 150624b xxu||||| |||| 00| 0 eng d | ||
| 082 | |a 530.12 | ||
| 100 | |a Rapp, Donald | ||
| 245 | |a Quantum mechanics / |c Donald Rapp | ||
| 260 | |b Holt Rinehart & Winston, |c 1971. | ||
| 650 | |x Quantum theory. | ||
| 942 | |c BK | ||
| 999 | |c 4078 |d 4078 | ||
| 952 | |0 0 |1 0 |4 0 |6 530_120000000000000_RAP_Q |7 0 |9 4077 |a UL |b UL |c ST2 |d 1998-09-07 |l 0 |o 530.12 RAP/Q |p 7781 |r 2012-10-27 |w 2012-10-27 |y BK | ||